| 000 | 00722nam a22002537a 4500 | ||
|---|---|---|---|
| 003 | CHAP | ||
| 005 | 20220329140014.0 | ||
| 008 | 971013s1994 r 00010 d | ||
| 010 | _a45412 | ||
| 011 | _a46384 | ||
| 035 | _a50525 | ||
| 040 | _cCHAP | ||
| 082 |
_a635.90688 _bS34 |
||
| 100 | 0 | 0 |
_aSaxtan, John H. _9102819 |
| 245 | _aGrowertalks on retailing | ||
| 260 |
_aBatavia, Illinois : _bBall, _c1994 |
||
| 300 |
_a184 p. _b: ilus. |
||
| 590 |
_aBATCH-UPD _b10 _c20130110 _lUCH01 _h2038 |
||
| 590 |
_aCONVERSION _b10 _c20130109 _lUCH01 _h1325 |
||
| 650 | 1 | 4 |
_aFlores _xMercadeo. _941388 |
| 901 | _aBK | ||
| 942 | _cLIBRO | ||
| 949 |
_a635.90688 S34 _bBC _cLIBRO _d33724000010716 _eLIBRO _gI.180088 _h89523 _i50525 _si _t198.00 |
||
| 999 |
_c45412 _d45412 |
||